000 00636nam a2200241Ia 4500
003 OSt
005 20221005123541.0
006 a|||||r|||| 00| 0
007 ta
008 221004b |||||||| |||| 00| 0 eng d
024 _a121868
037 _bGift, 06/10/2012,
_cTextual
040 _aCRL
_cCRL
_beng
041 _2eng
_aeng
082 _aV5293, L8
100 _aEdizioni Magnus
_9633817
245 0 _aLiving venice
260 _c1978
650 _aHISTORY
700 _a Roiter Fulvio
_9633818
942 _hV5293, L8
_cTEXL
_2cc
999 _c1047760
_d1047760